[Event "Sparkassen-Open A"]
[Site "Heusenstamm, Martinsee"]
[Date "2016.11.27"]
[Round "5.67"]
[White "Sauer, Bernd"]
[Black "Werner, Dimo"]
[Result "1/2-1/2"]
[WhiteElo "1834"]
[BlackElo "2035"]
[PlyCount "34"]
[EventDate "2016.??.??"]
[WhiteTeam "SF Katernberg"]
[BlackTeam "TSV Schott Mainz"]

1. d4 d5 2. c4 e6 3. Nc3 c6 4. cxd5 exd5 5. Nf3 Nd7 6. Bf4 Ngf6 7. e3 Nh5 8.
Bg5 Be7 9. Bxe7 Qxe7 10. Be2 Nhf6 11. O-O O-O 12. Qc2 Ne4 13. b4 Qxb4 14. Nxe4
dxe4 15. Qxe4 Nf6 16. Qc2 Bg4 17. Ne5 Bxe2 1/2-1/2

[Event "Sparkassen-Open A"]
[Site "Heusenstamm, Martinsee"]
[Date "2016.11.27"]
[Round "5.68"]
[White "Altenbernd, Dirk"]
[Black "Kuhn, Gerhard"]
[Result "1/2-1/2"]
[WhiteElo "1902"]
[BlackElo "2030"]
[PlyCount "47"]
[EventDate "2016.??.??"]
[WhiteTeam "SG Osnabrück"]
[BlackTeam "SK Marburg"]

1. c4 Nf6 2. g3 g6 3. Bg2 d5 4. cxd5 Nxd5 5. Nc3 Nb6 6. d4 Bg7 7. Nf3 O-O 8.
O-O Nc6 9. e3 e5 10. dxe5 Qxd1 11. Rxd1 Nxe5 12. Nd4 c5 13. Nde2 Bg4 14. f4
Nec4 15. Kf2 Rad8 16. h3 Bxe2 17. Kxe2 Rxd1 18. Nxd1 Nd6 19. Rb1 c4 20. Bd2 Re8
21. Bc3 Bxc3 22. Nxc3 Nf5 23. Kf2 Re7 24. e4 1/2-1/2

[Event "Sparkassen-Open A"]
[Site "Heusenstamm, Martinsee"]
[Date "2016.11.27"]
[Round "5.69"]
[White "Rettig, Helge"]
[Black "Schubert, Wolfgang"]
[Result "1-0"]
[WhiteElo "2004"]
[BlackElo "1845"]
[PlyCount "73"]
[EventDate "2016.??.??"]
[WhiteTeam "SF Verl"]
[BlackTeam "Wiesbadener SV"]

1. d4 d5 2. c4 c6 3. Nf3 Nf6 4. Nc3 dxc4 5. a4 Bf5 6. Ne5 e6 7. f3 Nbd7 8. e4
Bg6 9. Nxd7 Qxd7 10. Bxc4 Bb4 11. O-O Rd8 12. Be3 O-O 13. Qb3 a5 14. Rfd1 Rfe8
15. Bg5 Be7 16. Rd2 h6 17. Be3 Bb4 18. Rad1 Qc7 19. g3 Rc8 20. Bf4 Qd8 21. Rd3
Qb6 22. Be3 Qc7 23. Ne2 Bf8 24. R3d2 Nd7 25. Kf2 b6 26. Rc1 Qb8 27. Ba6 Rc7 28.
Rdc2 Qa7 29. Bb5 Nb8 30. Bxc6 Nxc6 31. Rxc6 Rb7 32. Nc3 f6 33. Nb5 Qb8 34. Bf4
Qd8 35. Bc7 Qd7 36. Bxb6 Bb4 37. Rc7 1-0

[Event "Sparkassen-Open A"]
[Site "Heusenstamm, Martinsee"]
[Date "2016.11.27"]
[Round "5.71"]
[White "Mehringer, Jörg"]
[Black "Kail, Sindy"]
[Result "1/2-1/2"]
[WhiteElo "1965"]
[BlackElo "1848"]
[PlyCount "87"]
[EventDate "2016.??.??"]
[WhiteTeam "Schachpinguine Berlin"]
[BlackTeam "SK Klingenberg"]

1. e4 c5 2. g3 d5 3. exd5 Qxd5 4. Nf3 Bg4 5. Bg2 Qe6+ 6. Kf1 Nc6 7. h3 Bh5 8.
d3 f6 9. Be3 b6 10. Na3 Bf7 11. Nc4 Qd7 12. Kg1 Rc8 13. Kh2 e5 14. Re1 Nge7 15.
Qe2 Nf5 16. Rad1 Be7 17. Bc1 O-O 18. a3 Rfe8 19. Ne3 Ncd4 20. Nxd4 exd4 21.
Nxf5 Qxf5 22. Be4 Qd7 23. Qf3 Be6 24. Qg2 f5 25. Bf3 Bd6 26. Re2 Bf7 27. Rde1
Qc7 28. Rxe8+ Rxe8 29. Rxe8+ Bxe8 30. Bd5+ Bf7 31. Qf3 g6 32. Bh6 Qe7 33. Bxf7+
Kxf7 34. Qd5+ Ke8 35. Qa8+ Kf7 36. Qh8 Ke6 37. Bg7 h5 38. c3 dxc3 39. Bxc3 h4
40. Kg2 Qb7+ 41. f3 Bxg3 42. Qf6+ Kd5 43. Qxg6 Qd7 44. Kf1 1/2-1/2

[Event "Sparkassen-Open A"]
[Site "Heusenstamm, Martinsee"]
[Date "2016.11.27"]
[Round "5.72"]
[White "Mager, Thomas"]
[Black "Rudolph, Lukas"]
[Result "1/2-1/2"]
[WhiteElo "1832"]
[BlackElo "1874"]
[PlyCount "33"]
[EventDate "2016.??.??"]
[WhiteTeam "vereinslos"]
[BlackTeam "SK Niederbrechen"]

1. c4 c6 2. g3 d5 3. b3 Nf6 4. Bg2 Bf5 5. Nf3 h6 6. O-O e6 7. Bb2 Be7 8. d4 O-O
9. Nbd2 Nbd7 10. Ne5 Rc8 11. a3 Ne4 12. Nxe4 Bxe4 13. Bxe4 dxe4 14. Nxd7 Qxd7
15. Qc2 f5 16. Rad1 Qc7 17. Rfe1 1/2-1/2

[Event "Sparkassen-Open A"]
[Site "Heusenstamm, Martinsee"]
[Date "2016.11.27"]
[Round "5.73"]
[White "Bunjaku, Lulzim"]
[Black "Seifert, Norbert"]
[Result "0-1"]
[WhiteElo "1788"]
[BlackElo "1961"]
[PlyCount "56"]
[EventDate "2016.??.??"]
[WhiteTeam "SC Heusenstamm"]
[BlackTeam "vereinslos"]

1. f4 d5 2. Nf3 Nf6 3. e3 Bg4 4. c4 Bxf3 5. Qxf3 e6 6. d4 Nbd7 7. Nc3 c6 8. Be2
Be7 9. O-O O-O 10. a3 dxc4 11. Bxc4 Nb6 12. Bb3 c5 13. dxc5 Bxc5 14. Ne4 Be7
15. Rd1 Qc7 16. Bd2 Nbd5 17. Rac1 Qb6 18. Bxd5 Nxd5 19. b4 Rac8 20. Nc5 Bxc5
21. bxc5 Rxc5 22. Rb1 Rb5 23. Rbc1 Rb3 24. Re1 Rxa3 25. Kh1 Ra2 26. Bc3 Nxc3
27. Rxc3 Qb2 28. Rec1 Qxc3 0-1

[Event "Sparkassen-Open A"]
[Site "Heusenstamm, Martinsee"]
[Date "2016.11.27"]
[Round "5.74"]
[White "Iliev, Mustafa Batuhan"]
[Black "Köllner, Aaron Noah"]
[Result "1-0"]
[WhiteElo "1959"]
[BlackElo "1843"]
[PlyCount "63"]
[EventDate "2016.??.??"]
[WhiteTeam "SV Großauheim"]
[BlackTeam "SV Bergneustadt/Derschlag"]

1. e4 d6 2. d4 Nf6 3. Nc3 e5 4. Nf3 exd4 5. Nxd4 Be7 6. Be2 O-O 7. O-O a6 8. a4
c5 9. Nb3 Nc6 10. f4 Re8 11. Bf3 Be6 12. Nd5 Bxd5 13. exd5 Na7 14. a5 c4 15.
Nd2 Rc8 16. Ra4 b5 17. axb6 Qxb6+ 18. Kh1 Qb5 19. c3 a5 20. Be2 Nxd5 21. Nxc4
Bd8 22. Ne3 Nxe3 23. Bxb5 Nxd1 24. Bxe8 Bb6 25. Bd7 Nf2+ 26. Rxf2 Bxf2 27. Bxc8
Nxc8 28. Rxa5 Nb6 29. g3 Kf8 30. Kg2 Bc5 31. b4 Nc4 32. Ra8+ 1-0

[Event "Sparkassen-Open A"]
[Site "Heusenstamm, Martinsee"]
[Date "2016.11.27"]
[Round "5.75"]
[White "Weil, Michael"]
[Black "Blank, Stefan"]
[Result "1/2-1/2"]
[WhiteElo "1957"]
[BlackElo "1828"]
[PlyCount "124"]
[EventDate "2016.??.??"]
[WhiteTeam "SC Steinbach"]
[BlackTeam "SC Sulzbach"]

1. d4 Nf6 2. Nf3 g6 3. c3 Bg7 4. Bg5 Ne4 5. Bh4 O-O 6. Nbd2 Nf6 7. e3 d6 8. Qc2
c6 9. Bxf6 Bxf6 10. h4 h6 11. h5 g5 12. Ne4 e6 13. Nxf6+ Qxf6 14. Bd3 Qg7 15.
O-O-O f5 16. e4 d5 17. exf5 exf5 18. Ne5 Rf6 19. Rde1 Be6 20. Re2 Nd7 21. Rhe1
Nxe5 22. Rxe5 Qd7 23. Qe2 Bf7 24. Re7 Qd6 25. Qe5 b5 26. Bxf5 Qxe5 27. R1xe5
Bxh5 28. g4 Bf7 29. Rc7 a5 30. Kd2 Rf8 31. Ree7 h5 32. f3 h4 33. Ke2 Re8 34.
Rxe8+ Bxe8 35. Re7 Bf7 36. Kf2 Kf8 37. Re5 Kg7 38. Bd7 Kh6 39. Re7 Bg6 40. Kg2
b4 41. cxb4 axb4 42. Re6 Rxe6 43. Bxe6 Bd3 44. a4 bxa3 45. bxa3 Bb5 46. Kh3 Kg7
47. f4 Bf1+ 48. Kh2 gxf4 49. Bd7 Bb5 50. Kg2 Kf6 51. Bf5 Ba4 52. Bd7 Ke7 53.
Bf5 Kd6 54. g5 Ke7 55. Kf3 Kd6 56. Kxf4 c5 57. dxc5+ Kxc5 58. g6 Be8 59. g7 Bf7
60. Bh7 Kb5 61. g8=Q Bxg8 62. Bxg8 Ka4 1/2-1/2

[Event "Sparkassen-Open A"]
[Site "Heusenstamm, Martinsee"]
[Date "2016.11.27"]
[Round "5.76"]
[White "Reinecke, Katharina"]
[Black "Rutsatz, Mario"]
[Result "1/2-1/2"]
[WhiteElo "1804"]
[BlackElo "1956"]
[PlyCount "59"]
[EventDate "2016.??.??"]
[WhiteTeam "SK Langen"]
[BlackTeam "SF Frankfurt"]

1. d4 Nf6 2. c4 c5 3. d5 b5 4. cxb5 a6 5. bxa6 Bxa6 6. Nc3 g6 7. e4 Bxf1 8.
Kxf1 d6 9. Nf3 Nbd7 10. g3 Bg7 11. Kg2 O-O 12. a4 Qb6 13. Qc2 Rfb8 14. Nb5 Ne8
15. Bd2 Nc7 16. Nxc7 Qxc7 17. Bc3 Qb7 18. Rhb1 Qb3 19. Qxb3 Rxb3 20. Nd2 Rb7
21. Bxg7 Kxg7 22. f4 f5 23. exf5 gxf5 24. Nc4 Rb4 25. b3 Rab8 26. Na5 Re8 27.
Nc6 Re4 28. b4 Nf6 29. bxc5 Nxd5 30. cxd6 1/2-1/2

[Event "Sparkassen-Open A"]
[Site "Heusenstamm, Martinsee"]
[Date "2016.11.27"]
[Round "5.77"]
[White "Budde, Michael"]
[Black "Elbert, Thomas"]
[Result "1-0"]
[WhiteElo "1954"]
[BlackElo "1710"]
[PlyCount "75"]
[EventDate "2016.??.??"]
[WhiteTeam "SC Flörsheim"]
[BlackTeam "SF Sailauf"]

1. d4 Nf6 2. Bg5 d5 3. Bxf6 exf6 4. e3 Bd6 5. c4 dxc4 6. Bxc4 O-O 7. Nf3 Bg4 8.
O-O c6 9. Nbd2 Nd7 10. Ne4 Bc7 11. h3 Bh5 12. Rc1 Nb6 13. Be2 Qe7 14. Nc5 Bd6
15. b4 Rac8 16. Re1 Bb8 17. b5 Rfd8 18. Qb3 Rd5 19. bxc6 bxc6 20. a4 Nd7 21.
Na6 Qd6 22. Qb7 Nb6 23. Nxb8 Qxb8 24. Qxb8 Rxb8 25. Rxc6 Ra5 26. Rc5 Rxc5 27.
dxc5 Nxa4 28. c6 Rc8 29. Rc1 Rc7 30. Bb5 Nb6 31. Nd4 Nc8 32. f4 f5 33. Nxf5 Bg6
34. Rd1 h6 35. Rd8+ Kh7 36. Nxg7 Nb6 37. Ne8 Re7 38. c7 1-0

[Event "Sparkassen-Open A"]
[Site "Heusenstamm, Martinsee"]
[Date "2016.11.27"]
[Round "5.78"]
[White "Karthik, Thrish"]
[Black "Junker, Christian"]
[Result "0-1"]
[WhiteElo "1689"]
[BlackElo "1954"]
[PlyCount "140"]
[EventDate "2016.??.??"]
[WhiteTeam "vereinslos"]
[BlackTeam "SV Neu-Isenburg"]

1. e4 e5 2. Nf3 Nf6 3. Nxe5 d6 4. Nf3 Nxe4 5. d4 d5 6. Bd3 Be7 7. O-O Bg4 8. c4
Nf6 9. Be3 Nc6 10. Nc3 O-O 11. c5 a6 12. Rc1 Qd7 13. a3 b5 14. b4 Ne8 15. h3
Bh5 16. Be2 Rd8 17. Qb3 f5 18. Ne5 Nxe5 19. dxe5 Bf7 20. Bd4 c6 21. f4 Nc7 22.
Bf3 Ne6 23. Ne2 g5 24. g3 Kh8 25. Kh2 Ra8 26. Qc3 h6 27. Rg1 Bg6 28. Rcf1 Kh7
29. Bh1 a5 30. Ra1 Ra7 31. bxa5 Qc7 32. a4 Rxa5 33. axb5 Rxb5 34. Rgc1 Rfb8 35.
Ra2 Rb4 36. Rd2 Qb7 37. Bg2 gxf4 38. gxf4 Rc4 39. Qe3 Qa6 40. Rcc2 Nxd4 41.
Rxc4 Qxc4 42. Qxd4 Rb4 43. Qxc4 Rxc4 44. Rb2 Bxc5 45. Rb7+ Kg8 46. Rc7 Be8 47.
Ng3 Be3 48. Nxf5 Bxf4+ 49. Kg1 Kf8 50. Rh7 Bxe5 51. Rxh6 Rf4 52. Nh4 Bd4+ 53.
Kh2 Kg7 54. Kg3 Be5 55. Re6 Re4+ 56. Kf3 Bh5+ 57. Kf2 Bd4+ 58. Kg3 Rxe6 59.
Nf5+ Kf6 60. Nxd4 Rd6 61. Kf4 Be8 62. h4 c5 63. Nf5 Rd8 64. Ne3 d4 65. Nd5+ Ke6
66. Nc7+ Kd6 67. Nxe8+ Rxe8 68. h5 c4 69. h6 d3 70. Bf3 c3 0-1

[Event "Sparkassen-Open A"]
[Site "Heusenstamm, Martinsee"]
[Date "2016.11.27"]
[Round "5.79"]
[White "Eg, Karlheinz"]
[Black "Trumpp, Lothar"]
[Result "0-1"]
[WhiteElo "1820"]
[BlackElo "2020"]
[PlyCount "52"]
[EventDate "2016.??.??"]
[WhiteTeam "SV Rüsselsheim"]
[BlackTeam "VSG Offenbach"]

1. e4 Nc6 2. d4 e5 3. Nf3 exd4 4. Bc4 d6 5. Nxd4 Nf6 6. O-O Be7 7. Nc3 O-O 8.
h3 a6 9. a4 h6 10. Be3 Re8 11. f3 Bf8 12. Qd2 Ne5 13. Ba2 c6 14. Qf2 Ng6 15.
Rad1 Qa5 16. Nde2 Qc7 17. Bb6 Qe7 18. Nd4 c5 19. Nf5 Bxf5 20. exf5 Ne5 21. f4
Nc6 22. Rfe1 Qd7 23. Bxc5 Rxe1+ 24. Qxe1 Qxf5 25. Bxd6 Bxd6 26. Rxd6 Qc5+ 0-1

[Event "Sparkassen-Open A"]
[Site "Heusenstamm, Martinsee"]
[Date "2016.11.27"]
[Round "5.80"]
[White "Binner, Peter"]
[Black "Martin, Reiner"]
[Result "0-1"]
[WhiteElo "1802"]
[BlackElo "2014"]
[PlyCount "30"]
[EventDate "2016.??.??"]
[WhiteTeam "Vorw.Orient Mainz"]
[BlackTeam "SC Bad Soden"]

1. c4 c5 2. g3 g6 3. Bg2 Bg7 4. Nc3 Nc6 5. e3 e5 6. d3 d6 7. Nge2 Nge7 8. O-O
O-O 9. b3 Be6 10. Bb2 d5 11. cxd5 Nxd5 12. a3 b6 13. Qc2 Rc8 14. Rad1 Qc7 15.
f4 Nxe3 0-1

[Event "Sparkassen-Open A"]
[Site "Heusenstamm, Martinsee"]
[Date "2016.11.27"]
[Round "5.81"]
[White "Donecker, Stefan"]
[Black "Kolker, Vladislav"]
[Result "0-1"]
[WhiteElo "1788"]
[BlackElo "2007"]
[PlyCount "74"]
[EventDate "2016.??.??"]
[WhiteTeam "TuS Dotzheim"]
[BlackTeam "SC Bad Nauheim"]

1. d4 Nf6 2. Nc3 g6 3. e4 d6 4. Be3 Bg7 5. h3 O-O 6. Nf3 Nbd7 7. Bc4 c6 8. e5
Ne8 9. e6 fxe6 10. Bxe6+ Kh8 11. Ng5 Nc7 12. Nf7+ Rxf7 13. Bxf7 e6 14. Ne4 Nf6
15. Bg5 d5 16. Nxf6 Bxf6 17. h4 Bxg5 18. hxg5 Qxg5 19. Qd3 Kg7 20. Qe3 Qxe3+
21. fxe3 Bd7 22. Ke2 Rf8 23. Raf1 Nb5 24. Bxg6 Rxf1 25. Rxf1 hxg6 26. a4 Nd6
27. a5 Nf7 28. b3 e5 29. c4 Be6 30. Kd3 dxc4+ 31. bxc4 Nd6 32. Rc1 Bxc4+ 33.
Rxc4 Nxc4 34. Kxc4 exd4 35. exd4 Kf7 36. d5 cxd5+ 37. Kxd5 Ke7 0-1

[Event "Sparkassen-Open A"]
[Site "Heusenstamm, Martinsee"]
[Date "2016.11.27"]
[Round "5.82"]
[White "Blübaum, Johanna"]
[Black "Nickel, Jonas"]
[Result "1-0"]
[WhiteElo "1974"]
[BlackElo "1777"]
[PlyCount "47"]
[EventDate "2016.??.??"]
[WhiteTeam "SV Königsspringer Lemgo"]
[BlackTeam "SG Wächtersbach"]

1. d4 d5 2. c4 c6 3. Nc3 Nf6 4. e3 e6 5. Nf3 Nbd7 6. Bd3 dxc4 7. Bxc4 b5 8. Bd3
a6 9. e4 c5 10. Bc2 Bb7 11. e5 cxd4 12. Qxd4 Bc5 13. Qf4 Nd5 14. Nxd5 Bxd5 15.
O-O Bxf3 16. gxf3 Qc7 17. b4 Bxb4 18. Qxb4 Qxc2 19. Ba3 Qg6+ 20. Kh1 O-O-O 21.
Rac1+ Kb7 22. Qd6 Qf5 23. Rc7+ Kb8 24. Rxd7+ 1-0

[Event "Sparkassen-Open A"]
[Site "Heusenstamm, Martinsee"]
[Date "2016.11.27"]
[Round "5.83"]
[White "Balhar, Michael"]
[Black "Oltzen, Samuel"]
[Result "0-1"]
[WhiteElo "1758"]
[BlackElo "1850"]
[PlyCount "82"]
[EventDate "2016.??.??"]
[WhiteTeam "SC Erlangen"]
[BlackTeam "Lübecker SV"]

1. e4 d5 2. exd5 Qxd5 3. Nc3 Qa5 4. Bc4 Nf6 5. d3 Bg4 6. f3 Bd7 7. Bd2 Qb6 8.
Qe2 e6 9. g4 Bc6 10. g5 Ng8 11. Bb3 Nd7 12. a4 a5 13. Nh3 Bb4 14. Nf4 O-O-O 15.
Be3 Bc5 16. Bd2 Ne7 17. Ne4 Nf5 18. Nxc5 Nxc5 19. Be3 Nxe3 20. Qxe3 Nxd3+ 21.
Ke2 Qxe3+ 22. Kxe3 Nxf4 23. Kxf4 Rd2 24. Rad1 Rhd8 25. Rxd2 Rxd2 26. h4 Rd4+
27. Ke5 Bxf3 28. Kxd4 Bxh1 29. Ke5 Kd7 30. c3 Ke7 31. Bc2 h6 32. gxh6 gxh6 33.
Kf4 Kf6 34. Kg4 e5 35. b4 b6 36. Kh5 Bf3+ 37. Kxh6 e4 38. Bxe4 Bxe4 39. bxa5
bxa5 40. c4 c5 41. h5 Bf3 0-1

[Event "Sparkassen-Open A"]
[Site "Heusenstamm, Martinsee"]
[Date "2016.11.27"]
[Round "5.84"]
[White "Zerhusen, Martin"]
[Black "Iwanziw, Niklas"]
[Result "1/2-1/2"]
[WhiteElo "1774"]
[BlackElo "1902"]
[PlyCount "68"]
[EventDate "2016.??.??"]
[WhiteTeam "SV Oberursel"]
[BlackTeam "SF Neuberg"]

1. d4 d5 2. c4 c6 3. e3 e6 4. Nf3 Nf6 5. Nc3 Nbd7 6. Bd3 Bd6 7. O-O dxc4 8.
Bxc4 O-O 9. Bd2 b5 10. Be2 a6 11. Rc1 Bb7 12. a3 c5 13. dxc5 Nxc5 14. b4 Nce4
15. Nxe4 Nxe4 16. Bc3 Nxc3 17. Rxc3 Qe7 18. Rd3 Rfd8 19. Qd2 Rac8 20. Rd1 Bc7
21. Qb2 f6 22. Rxd8+ Rxd8 23. Qc2 Rxd1+ 24. Qxd1 Qd6 25. Qxd6 Bxd6 26. Nd4 Be5
27. g3 Kf8 28. Kf1 Ke7 29. Ke1 g5 30. Kd2 Kd6 31. Kd3 Bd5 32. Bh5 f5 33. Bd1
Be4+ 34. Kc3 Bc6 1/2-1/2

[Event "Sparkassen-Open A"]
[Site "Heusenstamm, Martinsee"]
[Date "2016.11.27"]
[Round "5.85"]
[White "Midanka, Vladimir Josef"]
[Black "Wüstehube, Harry"]
[Result "1/2-1/2"]
[WhiteElo "1752"]
[BlackElo "1884"]
[PlyCount "42"]
[EventDate "2016.??.??"]
[WhiteTeam "SC Brett vorm Kopp"]
[BlackTeam "Kasseler SK"]

1. Nf3 Nf6 2. d4 g6 3. Nc3 Bg7 4. e4 d6 5. Be2 O-O 6. h3 c5 7. O-O cxd4 8. Nxd4
Bd7 9. Bf3 Nc6 10. Nxc6 Bxc6 11. Qe2 Nd7 12. Nd5 Ne5 13. Rd1 Rc8 14. c3 e6 15.
Nb4 Qe7 16. Be3 h5 17. Nxc6 Rxc6 18. g3 Nxf3+ 19. Qxf3 Rfc8 20. Rd3 b5 21. Rad1
Bf8 1/2-1/2

[Event "Sparkassen-Open A"]
[Site "Heusenstamm, Martinsee"]
[Date "2016.11.27"]
[Round "5.86"]
[White "Tojcic, Josip"]
[Black "Hinz, André"]
[Result "1/2-1/2"]
[WhiteElo "1850"]
[BlackElo "1693"]
[PlyCount "150"]
[EventDate "2016.??.??"]
[WhiteTeam "Frankfurter TV"]
[BlackTeam "SC Brett vorm Kopp"]

1. e4 Nc6 2. Nf3 d6 3. d4 g6 4. d5 Nb8 5. Be3 Bg7 6. c3 Nf6 7. Nbd2 Nbd7 8. h3
O-O 9. Bd3 a5 10. Qc2 Nc5 11. Bxc5 dxc5 12. O-O e6 13. c4 b5 14. cxb5 exd5 15.
exd5 Qxd5 16. Bc4 Qd6 17. Rad1 Bb7 18. Nh2 Rad8 19. Ndf3 Qb6 20. b3 Be4 21. Qe2
h5 22. Ng5 Bd5 23. a4 Rfe8 24. Qc2 Qb7 25. Bxd5 Rxd5 26. Rxd5 Qxd5 27. Ngf3 Rd8
28. Rc1 Ne4 29. Nf1 Bh6 30. Re1 f5 31. Ne3 Bxe3 32. Rxe3 Qd1+ 33. Qxd1 Rxd1+
34. Re1 Rxe1+ 35. Nxe1 Nd2 36. Nf3 Nxb3 37. Ne5 Nd2 38. Nxg6 Kf7 39. Nf4 Ke7
40. Nxh5 Ne4 41. Ng3 Nc3 42. Nxf5+ Ke6 43. Ne3 Nxa4 44. Nc4 Nc3 45. Nxa5 Nxb5
46. h4 Nd6 47. Kf1 Kf5 48. Ke2 Kf4 49. Nb3 Ne4 50. g3+ Kf5 51. Nd2 Nd6 52. Kd3
Kg4 53. Ne4 c4+ 54. Kd4 c5+ 55. Nxc5 Kf3 56. Ke5 Nf7+ 57. Kf6 Nh6 58. Kg6 Ng4
59. Kg5 Nxf2 60. h5 Ng4 61. Kh4 Nh6 62. Na4 Ng4 63. Nc3 Nh6 64. Nb5 Nf7 65. g4
Kf4 66. Nc3 Nh6 67. Nd5+ Ke5 68. Ne3 c3 69. Kg5 Nf7+ 70. Kg6 Kf4 71. Nd5+ Kxg4
72. Nxc3 Nh8+ 73. Kh6 Nf7+ 74. Kg6 Nh8+ 75. Kh6 Nf7+ 1/2-1/2

[Event "Sparkassen-Open A"]
[Site "Heusenstamm, Martinsee"]
[Date "2016.11.27"]
[Round "5.87"]
[White "Lukas, Hubertus"]
[Black "Pade, Joachim"]
[Result "1-0"]
[WhiteElo "1816"]
[BlackElo "1672"]
[PlyCount "99"]
[EventDate "2016.??.??"]
[WhiteTeam "SC Siersburg"]
[BlackTeam "SV Alsfeld"]

1. e4 c6 2. d4 d5 3. e5 Bf5 4. Ne2 e6 5. Ng3 Bg6 6. Nd2 Nd7 7. c3 Qc7 8. f4
O-O-O 9. Be2 Be7 10. a4 f6 11. Bg4 f5 12. Be2 Bf7 13. b4 h6 14. Nb3 g5 15. Nc5
Nxc5 16. bxc5 g4 17. a5 a6 18. Qb3 h5 19. Bd3 Bg6 20. Be3 h4 21. Ne2 Nh6 22.
Qa4 Kd7 23. Rb1 Rb8 24. Rb6 Nf7 25. Kd2 g3 26. h3 Nh6 27. Rhb1 Bf7 28. Qb3 Bd8
29. Bxa6 Ke7 30. Bxb7 Be8 31. a6 Bd7 32. a7 Rxb7 33. Rxb7 Qa5 34. Rxd7+ Kxd7
35. Qb7+ Bc7 36. Rb2 Ng4 37. hxg4 fxg4 38. f5 h3 39. fxe6+ Ke7 40. Bg5+ Kxe6
41. Qxc6+ Kf7 42. Qxd5+ Kg6 43. Qc6+ Kh7 44. Qe4+ Kg8 45. a8=N h2 46. Nxc7 Qxc7
47. Qg6+ Kf8 48. e6 Rh7 49. Bh6+ Rxh6 50. Rb8+ 1-0

[Event "Sparkassen-Open A"]
[Site "Heusenstamm, Martinsee"]
[Date "2016.11.27"]
[Round "5.88"]
[White "Lehmann, Tim"]
[Black "Schellen, Sven"]
[Result "1-0"]
[WhiteElo "1703"]
[BlackElo "1845"]
[PlyCount "99"]
[EventDate "2016.??.??"]
[WhiteTeam "SV Lahn Limburg"]
[BlackTeam "SF Frankfurt"]

1. e4 e5 2. Nf3 Nc6 3. Bc4 Nf6 4. d3 Bc5 5. c3 O-O 6. Nbd2 d6 7. h3 Bb6 8. O-O
Ne7 9. Re1 Ng6 10. Nf1 h6 11. Ng3 Re8 12. Bb3 Bd7 13. Bc2 Nf4 14. d4 g6 15. a4
a6 16. a5 Ba7 17. Bxf4 exf4 18. Nf1 Nh7 19. e5 Ng5 20. N1h2 Kg7 21. Qd2 Nxf3+
22. Nxf3 dxe5 23. Nxe5 g5 24. Qd3 f5 25. Nxd7 Qxd7 26. Qxf5 Qxf5 27. Bxf5 Rad8
28. Be4 c6 29. b4 Kf6 30. Bf3 Kg6 31. Kf1 Bb8 32. Rxe8 Rxe8 33. Re1 Rxe1+ 34.
Kxe1 Bc7 35. Kd2 Kf6 36. Kd3 Ke7 37. c4 Kf6 38. c5 Ke7 39. Bg4 Bd8 40. Bc8 h5
41. Bxb7 Kd7 42. Bxa6 Kc7 43. Bc4 g4 44. hxg4 f3 45. g3 h4 46. gxh4 Bxh4 47.
Ke3 Bg5+ 48. Kxf3 Bd2 49. a6 Bxb4 50. Ke4 1-0

[Event "Sparkassen-Open A"]
[Site "Heusenstamm, Martinsee"]
[Date "2016.11.27"]
[Round "5.89"]
[White "Ebeling, Leander"]
[Black "Berkes, Jörg"]
[Result "1-0"]
[WhiteElo "1691"]
[BlackElo "1833"]
[PlyCount "105"]
[EventDate "2016.??.??"]
[WhiteTeam "SK Mainaschaff"]
[BlackTeam "SK Langen"]

1. c4 Nf6 2. Nc3 g6 3. Nf3 Bg7 4. d4 d6 5. e4 O-O 6. Bd3 a5 7. O-O Nc6 8. a3
Bg4 9. Be3 Nh5 10. Be2 f5 11. exf5 gxf5 12. Ng5 Nf6 13. Ne6 Qd7 14. Nxf8 Rxf8
15. Bxg4 Nxg4 16. h3 Nxe3 17. fxe3 Bh6 18. Qf3 e5 19. d5 Ne7 20. e4 f4 21. b4
Kh8 22. bxa5 Rg8 23. Rab1 Rg5 24. h4 Rg3 25. Qh5 Qh3 26. Rb2 Rg6 27. Rf3 Qc8
28. c5 Bg7 29. Rc2 Qa8 30. cxd6 cxd6 31. Nb5 Qxa5 32. Nxd6 Qb6+ 33. Kh2 Qxd6
34. Rb2 b6 35. Rfb3 Nc8 36. Rc2 Qd8 37. Rbc3 Nd6 38. Rc6 Rh6 39. Rxd6 Rxd6 40.
Kg1 Rh6 41. Qf5 b5 42. Rc8 Rd6 43. Kf2 Qg8 44. Rxg8+ Kxg8 45. Qc8+ Bf8 46. Qb8
Ra6 47. Qxb5 Rxa3 48. d6 Ra2+ 49. Kg1 Rd2 50. d7 Be7 51. Qxe5 Bxh4 52. Qe6+ Kg7
53. Qg4+ 1-0

[Event "Sparkassen-Open A"]
[Site "Heusenstamm, Martinsee"]
[Date "2016.11.27"]
[Round "5.90"]
[White "Laux, Dominik"]
[Black "Draxler, Gottfried"]
[Result "1/2-1/2"]
[WhiteElo "1642"]
[BlackElo "1829"]
[PlyCount "91"]
[EventDate "2016.??.??"]
[WhiteTeam "VSG Offenbach"]
[BlackTeam "SF Neuberg"]

1. d4 d5 2. Nc3 Nf6 3. Bf4 a6 4. e3 e6 5. Bd3 Nbd7 6. Nf3 c5 7. a3 c4 8. Be2 b5
9. O-O Be7 10. Re1 Bb7 11. Ne5 O-O 12. h3 Rc8 13. Bh2 Nxe5 14. dxe5 Nd7 15. f4
Qb6 16. Bf3 Bc5 17. Qd2 Rfd8 18. Rad1 Nf8 19. Kh1 Bc6 20. Bg1 Rd7 21. Ne2 a5
22. Nd4 Bb7 23. c3 Ng6 24. g4 Nh4 25. Qf2 Nxf3 26. Qxf3 b4 27. axb4 axb4 28. h4
g6 29. Re2 Re8 30. g5 Kg7 31. Rh2 Rh8 32. h5 Rdd8 33. Rdd2 Bxd4 34. exd4 b3 35.
Rh3 Bc6 36. Rdh2 Rdg8 37. hxg6 hxg6 38. Rh6 Rxh6 39. Rxh6 Rh8 40. Rxh8 Kxh8 41.
Kg2 Qa5 42. Qd1 Qa2 43. Qc1 Kg7 44. Bf2 Qa8 45. Qh1 Qa2 46. Qc1 1/2-1/2

[Event "Sparkassen-Open A"]
[Site "Heusenstamm, Martinsee"]
[Date "2016.11.27"]
[Round "5.91"]
[White "Fröhlich-Dill, Astrid"]
[Black "Fey, Karl-Heinz"]
[Result "1-0"]
[WhiteElo "1827"]
[BlackElo "1277"]
[PlyCount "49"]
[EventDate "2016.??.??"]
[WhiteTeam "SV Hofheim"]
[BlackTeam "SC Haßloch"]

1. d4 Nf6 2. c4 e6 3. Nc3 Bb4 4. Bd2 Bxc3 5. Bxc3 O-O 6. Qc2 d5 7. e3 a5 8. Bd3
c6 9. c5 Nbd7 10. Nf3 b6 11. b4 a4 12. a3 b5 13. O-O Qc7 14. Ne5 Ba6 15. f4 g6
16. Rf3 Nh5 17. g4 Ng7 18. Raf1 Nb8 19. f5 Bc8 20. fxg6 f6 21. gxh7+ Kh8 22.
Ng6+ Kxh7 23. Rh3+ Kg8 24. Rh8+ Kf7 25. Rxf8# 1-0

[Event "Sparkassen-Open A"]
[Site "Heusenstamm, Martinsee"]
[Date "2016.11.27"]
[Round "5.92"]
[White "Paeslack, Luis"]
[Black "Diener, Carolin Valeria"]
[Result "1-0"]
[WhiteElo "1796"]
[BlackElo "1699"]
[PlyCount "111"]
[EventDate "2016.??.??"]
[WhiteTeam "SK Mainaschaff"]
[BlackTeam "SK Bad Homburg"]

1. d4 d5 2. c4 e6 3. Nc3 Nf6 4. cxd5 exd5 5. Bg5 Be7 6. h3 c6 7. Qc2 O-O 8. Nf3
Re8 9. e3 Nbd7 10. Bd3 Nf8 11. O-O Ng6 12. Rab1 Be6 13. b4 Rc8 14. Rfc1 Rf8 15.
Qd2 h6 16. Bxf6 Bxf6 17. Ne2 Qd6 18. a4 b6 19. Rc2 Be7 20. a5 Rc7 21. b5 c5 22.
dxc5 Rxc5 23. Rxc5 Qxc5 24. Rc1 Qb4 25. Qxb4 Bxb4 26. axb6 axb6 27. Rc6 Ne7 28.
Rxb6 Bc5 29. Ra6 Rb8 30. Ned4 Bc8 31. Ra1 Bd7 32. Rc1 Bd6 33. Nc6 Nxc6 34. bxc6
Rc8 35. Nd4 Be5 36. Ba6 Rc7 37. Bb7 Bxd4 38. exd4 Be6 39. g4 h5 40. f3 hxg4 41.
hxg4 Kh7 42. Kg2 Kg6 43. Kg3 Kf6 44. f4 g6 45. Kh4 Kg7 46. Rf1 f5 47. Re1 Kf6
48. gxf5 gxf5 49. Ra1 Ke7 50. Ra8 Kd6 51. Rd8+ Ke7 52. Rh8 Kd6 53. Rh6 Ke7 54.
Kg5 Kd6 55. Rg6 Re7 56. Bc8 1-0

[Event "Sparkassen-Open A"]
[Site "Heusenstamm, Martinsee"]
[Date "2016.11.27"]
[Round "5.93"]
[White "Niedenthal, Robert"]
[Black "Köllner, Felicitas Ophelia"]
[Result "1-0"]
[WhiteElo "1744"]
[BlackElo "1670"]
[PlyCount "121"]
[EventDate "2016.??.??"]
[WhiteTeam "SV Hofheim"]
[BlackTeam "SV Bergneustadt/Derschlag"]

1. c4 c6 2. e4 e5 3. Nf3 d6 4. Nc3 Nf6 5. Be2 Be7 6. O-O O-O 7. d4 Nbd7 8. b3
Re8 9. Bb2 Bf8 10. Qc2 Qc7 11. Rac1 h6 12. Rfd1 a5 13. Qb1 Qb8 14. Bf1 Nh5 15.
g3 exd4 16. Nxd4 Ne5 17. Bg2 Bg4 18. f3 Bc8 19. Nce2 Nf6 20. h3 Nfd7 21. f4 Ng6
22. Kh2 Nc5 23. Nc3 Qc7 24. Qc2 Ne7 25. a3 Ne6 26. Qd2 Nxd4 27. Qxd4 Ng6 28.
Rf1 Bd7 29. Rce1 Rad8 30. Na4 Bc8 31. Qf2 Qe7 32. Nc3 Qd7 33. Rd1 Qc7 34. Ne2
b6 35. Bd4 c5 36. Bb2 Bb7 37. Nc3 Bc6 38. h4 Qd7 39. h5 Ne7 40. f5 f6 41. Qf4
Nc8 42. a4 Na7 43. Qg4 Qf7 44. Ne2 Bd7 45. Nf4 Nc6 46. Nd5 Rb8 47. Nxf6+ Kh8
48. Nxe8 Rxe8 49. Rd5 Nb4 50. Rd2 Bc6 51. Rf4 Be7 52. Rf1 Bg5 53. Rxd6 Qe7 54.
Re6 Qd7 55. Rd1 Qf7 56. Rdd6 Rxe6 57. fxe6 Qf2 58. e7 Qxb2 59. Rd8+ Kh7 60.
Qf5+ g6 61. Qxg6# 1-0